Три статьи по математической картографии; Избранные картографические статьи

Бібліографічні деталі
Parent link:Избранные картографические статьи/ Л. Эйлер; под общей ред. С. Г. Судакова.— , 1959
Інші автори: Багратуни Г. В. (редактор), Булаевский Н. Ф. (переводчик)
Мова:Російська
Опубліковано: 1959
Предмети:
Формат: MixedMaterials Книга
KOHA link:https://koha.lib.tpu.ru/cgi-bin/koha/opac-detail.pl?biblionumber=199008

MARC

LEADER 00000nam0a2200000 4500
001 199008
005 20231031184128.0
010 |b 4000 экз. 
035 |a (RuTPU)RU\TPU\book\217029 
090 |a 199008 
100 |a 20110719d1959 k y0rusy50 ca 
101 1 |a rus 
102 |a RU 
105 |a c z 001zy 
200 0 |a Три статьи по математической картографии  |f под ред. и вступит. статьей Г. В. Багратуни ; пер. с нем. Н. Ф. Булаевского 
210 |d 1959 
215 |a 79 с.  |c портр. 
320 |a Примечания в конце книги 
461 |t Избранные картографические статьи  |f Л. Эйлер  |g под общей ред. С. Г. Судакова  |d 1959 
600 1 |a Эйлер  |g Леонард  |f 1717-1783  |b Л.  |c российский учёный швейцарского происхождения  |c математик  |c физик  |c механик  |c астроном  |2 stltpush  |3 (RuTPU)RU\TPU\pers\525 
610 1 |a картография 
610 1 |a история науки 
610 1 |a 18 век 
675 |a 528.9(09)  |v 3 
675 |a 528.94:51  |v 3 
702 1 |a Багратуни  |b Г. В.  |4 340 
702 1 |a Булаевский  |b Н. Ф.  |4 730 
801 1 |a RU  |b 63413507  |c 20110719 
801 2 |a RU  |b 63413507  |c 20180112  |g RCR 
942 |c BK